000 00633nam a22002057a 4500
003 UA-OsUOA
001 40033
007 ta
008 20080526b un ||||| |||| 00| 0 ukr d
090 _a050
_bН73
942 _cMG
040 _aUA-OsUOA
_bukr
_cUA-OsUOA
_dUA-OsUOA
245 _aНові Дні
_b1950: ч. 5, черв.; ч. 10, лист.
955 _a4
041 _aukr
080 _a050
260 _aТоронто
650 7 _a050 Серійні публікації. Періодика галузі, Організація та інші типи поєднання (співробітництва)
_2UDC
999 _c438396
_d438396